Faculty of Law Library — Cairo University

Official Online Catalog

ضوابط مشروعية القرارات الإدارية وفقا للمنهج القضائي : (Record no. 58800)

MARC details
000 -LEADER
fixed length control field 02118nam a2200337 i 4500
003 - CONTROL NUMBER IDENTIFIER
control field EG-GICUC
005 - DATE AND TIME OF LATEST TRANSACTION
control field 20260123174952.0
008 - FIXED-LENGTH DATA ELEMENTS--GENERAL INFORMATION
fixed length control field 260123s2007 ua ||||fr|||| 00| 0 ara d
017 ## - COPYRIGHT OR LEGAL DEPOSIT NUMBER
Copyright or legal deposit number 2007/25782
040 ## - CATALOGING SOURCE
Original cataloging agency EG-GICUC
Language of cataloging ara
Transcribing agency EG-GICUC
Modifying agency EG-GICUC
Description conventions rda
041 0# - LANGUAGE CODE
Language code of text/sound track or separate title ara
082 04 - DEWEY DECIMAL CLASSIFICATION NUMBER
Edition number 21
Classification number 345.693
Item number م ح . ض
092 04 - LOCALLY ASSIGNED DEWEY CALL NUMBER (OCLC)
Edition number 21
099 ## - LOCAL FREE-TEXT CALL NUMBER (OCLC)
Classification number Law1 07 345.693 م ح . ض 2007
100 0# - MAIN ENTRY--PERSONAL NAME
Personal name محمد ماهر أبو العينين
Relator term مؤلف.
245 10 - TITLE STATEMENT
Title ضوابط مشروعية القرارات الإدارية وفقا للمنهج القضائي :
Remainder of title دراسة تحليلية وفقهية لأحكام وفتاوى مجلس الدولة في مصر.
Name of part/section of a work الكتاب الثاني،
Number of part/section of a work الرقابة القضائية على وجود سريان ونفاذ وتحول القرارات الإدارية /
Statement of responsibility, etc. المستشار الدكتور محمد ماهر أبو العينين.
264 #3 - PRODUCTION, PUBLICATION, DISTRIBUTION, MANUFACTURE, AND COPYRIGHT NOTICE
Place of production, publication, distribution, manufacture القاهرة :
Name of producer, publisher, distributor, manufacturer دار أبو المجد،
Date of production, publication, distribution, manufacture, or copyright notice 2007.
300 ## - PHYSICAL DESCRIPTION
Extent 679 صفحة؛
Dimensions 24 سم.
Other physical details إيضاحيات، صور، مثيليات ؛
336 ## - CONTENT TYPE
Source rda content
Content type term text
337 ## - MEDIA TYPE
Source rda media
Media type term Computer
338 ## - CARRIER TYPE
Source rda carrier
Carrier type term Online Resource
504 ## - BIBLIOGRAPHY, ETC. NOTE
Bibliography, etc. note يشتمل على إرجاعات ببليوجرافية.
505 ## - FORMATTED CONTENTS NOTE
Formatted contents note ميلاد ووجود القرار الإدارى وأثر تغير الظروف على مشروعيته.<br/>نفاذ القرار الإدارى - المبادئ العامة للنفاذ - نظرية عدم الإحتجاج بالقرار<br/>غير المشهر.<br/>نفاذ القرار بين إصداره وشهره - تعليق آثار اقرار الإداري .<br/>سريان القرار الإدارى - الأثر الفورى والرجعي للقرار .<br/>تحول القرار الإدارى - تطبيقات القضاء والإفتاء .
546 ## - LANGUAGE NOTE
Language note النص باللغة العربية
650 14 - SUBJECT ADDED ENTRY--TOPICAL TERM
Topical term or geographic name entry element الرقابة القضائية علي اعمال الادارة
Source of heading or term qrmak
650 14 - SUBJECT ADDED ENTRY--TOPICAL TERM
Topical term or geographic name entry element القانون الإداري
Source of heading or term qrmak
651 1# - SUBJECT ADDED ENTRY--GEOGRAPHIC NAME
Source of heading or term qrmak
856 40 - ELECTRONIC LOCATION AND ACCESS
Uniform Resource Identifier <a href="https://fll.law.cu.edu.eg/fulltext/bks/B07-02115.pdf">https://fll.law.cu.edu.eg/fulltext/bks/B07-02115.pdf</a>
905 ## - Cataloger and Reviser Names
Cataloger Name: Sara El-Gendy
942 ## - ADDED ENTRY ELEMENTS (KOHA)
Source of classification or shelving scheme Dewey Decimal Classification
Koha item type Books
Edition 21
Suppress in OPAC No
Holdings
Withdrawn status Lost status Source of classification or shelving scheme Materials specified (bound volume or other part) Damaged status Not for loan Collection Home library Current library Date acquired Total checkouts Full call number Barcode Date last seen Copy number Price effective from Koha item type
    Dewey Decimal Classification V2   Not for loan القانون الإداري جــــامعة القــاهرة مكتبة كلية الحقوق - المبنى الرئيسي 23.01.2026   Law1 07 345.693 م ح . ض 2007 0702115 V2, C1 B07-02115 23.01.2026 1 23.01.2026 Books
    Dewey Decimal Classification V2     القانون الإداري جــــامعة القــاهرة مكتبة كلية الحقوق - المبنى الرئيسي 23.01.2026   Law1 07 345.693 م ح . ض 2007 0702145 V2, C2 B07-02145 23.01.2026 2 23.01.2026 Books
    Dewey Decimal Classification V2     القانون الإداري جــــامعة القــاهرة مكتبة كلية الحقوق - فـرع الشيخ زايد 23.01.2026   Law2 07 345.693 م ح . ض 2007 0702149 V2, C3 B07-02149 23.01.2026 3 23.01.2026 Books

© All rights reserved — Faculty of Law, Cairo University